Selección Española - Estadísticas

Estadísticas generales
  • Esta prueba ha sido intentada 35 veces
  • La puntuación promedio es 19 de 27
Estadísticas de respuestas
Posición Dorsal Jugador % Correcto
Portero 23 Unai Simón
100%
Portero 1 David Raya
97%
Portero 18 Joan García
97%
Defensa 4 Pau Cubarsí
97%
Mediocentro 20 Pedri
97%
Portero 13 Álex Remiro
94%
Delantero 19 Lamine Yamal
91%
Defensa 24 Marc Cucurella
85%
Delantero 21 Mikel Oyarzabal
85%
Defensa 14 Aymeric Laporte
82%
Mediocentro 18 Martín Zubimendi
82%
Mediocentro 10 Dani Olmo
79%
Defensa 6 Dean Huijsen
79%
Defensa 3 Alejandro Grimaldo
76%
Mediocentro 16 Rodri
76%
Defensa 12 Pedro Porro
73%
Defensa 5 Marcos Llorente
67%
Delantero 7 Ferran Torres
64%
Delantero 25 Víctor Muñoz
64%
Delantero 15 Álex Baena
61%
Delantero 9 Borja Iglesias
58%
Delantero 11 Yéremy Pino
58%
Mediocentro 22 Fermín López
55%
Mediocentro 17 Pablo Fornals
36%
Defensa 2 Cristhian Mosquera
33%
Delantero 26 Ander Barrenetxea
27%
Mediocentro 8 Carlos Soler
15%
No se encontraron pruebas coincidentes
Distribución de puntuación
Porcentaje de gente con cada puntuación
Porcentaje por número respondido
Historial de tus puntuaciones
No has intentado esta prueba.